000
00301nam a22001217a 4500
008
181015b xxu||||| |||| 00| 0 eng d
041
_a
eng
080
_a
612.39
100
_a
10
101
_a
NUT
245
_a
Nutritional Biotechnology in the Feed and Food Industries
_c
Lyons,T.P
942
_2
udc
_c
BK
999
_c
49638
_d
49638